Normal view
MARC view
Entry Personal Name
001 - CONTROL NUMBER
- control field: 12323
003 - CONTROL NUMBER IDENTIFIER
- control field: OSt
005 - DATE AND TIME OF LATEST TRANSACTION
- control field: 20220114145109.0
008 - FIXED-LENGTH DATA ELEMENTS
- fixed length control field: 220114|| aca||aabn | a|a d
040 ## - CATALOGING SOURCE
- Original cataloging agency: OSt
- Transcribing agency: OSt
100 ## - HEADING--PERSONAL NAME
- Personal name: Arjun Dev, C.P, Shefrin Sulthana Adiraja, Arun, P.C and Shij
670 ## - SOURCE DATA FOUND
- Source citation: Work cat.: (OSt): Arjun Dev, C.P, Shefrin Sulthana Adiraja, Arun, P.C and Shij, I2C master controller with APB interface